| 000 | 00632nam a2200217 a 4500 | ||
|---|---|---|---|
| 001 | 000032397 | ||
| 003 | OSt | ||
| 005 | 20240412074256.0 | ||
| 008 | 110715s1937 dr 000 0 spa d | ||
| 040 |
_aDO-SdBNP _bspa _cBNPHU |
||
| 049 | _aBNPD | ||
| 082 |
_axxx _bM385p |
||
| 100 | 1 |
_aMartínez Conde, José _924081 |
|
| 245 | 1 | 0 |
_aPincel / _cJosé Martínez Conde. |
| 260 |
_aCiudad Trujillo, República Dominicana : _bTipografía Cambier, _c1937. |
||
| 300 |
_a29 p. ; _c20 cm. |
||
| 650 | 4 |
_aPoesía dominicana _977068 |
|
| 650 | 0 |
_aLiteratura dominicana. _967 |
|
| 910 | _aValidado. Control de calidad MFF | ||
| 942 |
_2ddc _cLF2 |
||
| 999 |
_c31888 _d31888 |
||